The Journal of entrepreneurship (Record no. 27669)
[ view plain ]
| 000 -LEADER | |
|---|---|
| fixed length control field | 01738cas a22004697a 4500 |
| 001 - CONTROL NUMBER | |
| control field | 15011365 |
| 005 - DATE AND TIME OF LATEST TRANSACTION | |
| control field | 20071121161515.0 |
| 006 - FIXED-LENGTH DATA ELEMENTS--ADDITIONAL MATERIAL CHARACTERISTICS--GENERAL INFORMATION | |
| fixed length control field | m |
| 007 - PHYSICAL DESCRIPTION FIXED FIELD--GENERAL INFORMATION | |
| fixed length control field | c |
| 008 - FIXED-LENGTH DATA ELEMENTS--GENERAL INFORMATION | |
| fixed length control field | 050614c19929999ii fr pss 0 a0eng d |
| 010 ## - LIBRARY OF CONGRESS CONTROL NUMBER | |
| LC control number | 2007214813 |
| 022 ## - INTERNATIONAL STANDARD SERIAL NUMBER | |
| International Standard Serial Number | 0971-3557 |
| Incorrect ISSN | 1940-0292 |
| Source | 1 |
| 035 ## - SYSTEM CONTROL NUMBER | |
| System control number | (OCoLC)ocm60626809 |
| 040 ## - CATALOGING SOURCE | |
| Original cataloging agency | OCLCS |
| Transcribing agency | OCLCS |
| Modifying agency | HUA |
| -- | NSD |
| 042 ## - AUTHENTICATION CODE | |
| Authentication code | nsdp |
| 043 ## - GEOGRAPHIC AREA CODE | |
| Geographic area code | a-ii--- |
| 050 ## - LIBRARY OF CONGRESS CALL NUMBER | |
| Classification number | HB615 |
| Item number | .J7 |
| 082 ## - DEWEY DECIMAL CLASSIFICATION NUMBER | |
| Classification number | 658.421095405 |
| Edition number | 20 |
| 082 ## - DEWEY DECIMAL CLASSIFICATION NUMBER | |
| Classification number | 338.04 |
| Item number | J86 |
| 130 ## - MAIN ENTRY--UNIFORM TITLE | |
| Uniform title | Journal of entrepreneurship (Online) |
| 9 (RLIN) | 43081 |
| 222 ## - KEY TITLE | |
| Key title | Journal of entrepreneurship |
| 245 ## - TITLE STATEMENT | |
| Title | The Journal of entrepreneurship |
| 260 ## - PUBLICATION, DISTRIBUTION, ETC. (IMPRINT) | |
| Place of publication, distribution, etc | New Delhi ; |
| Name of publisher, distributor, etc | Sage Publications |
| 300 ## - PHYSICAL DESCRIPTION | |
| Extent | v. |
| Dimensions | 24 cm |
| 310 ## - CURRENT PUBLICATION FREQUENCY | |
| Current publication frequency | Semiannual |
| 362 ## - DATES OF PUBLICATION AND/OR SEQUENTIAL DESIGNATION | |
| Dates of publication and/or sequential designation | Print began with v. 1, no. 1 (Jan.-June 1992). |
| 500 ## - GENERAL NOTE | |
| General note | Description based on print version record. |
| 500 ## - GENERAL NOTE | |
| General note | Latest issue consulted: Vol. 16, no. 1 (Mar. 2007); viewed publisher's website Sept. 18, 2007. |
| 530 ## - ADDITIONAL PHYSICAL FORM AVAILABLE NOTE | |
| Additional physical form available note | Also issued in print. |
| 538 ## - SYSTEM DETAILS NOTE | |
| System details note | Mode of access: World Wide Web. |
| 650 ## - SUBJECT ADDED ENTRY--TOPICAL TERM | |
| Topical term or geographic name as entry element | Entrepreneurship |
| Form subdivision | Periodicals. |
| 9 (RLIN) | 43082 |
| 650 ## - SUBJECT ADDED ENTRY--TOPICAL TERM | |
| Topical term or geographic name as entry element | Management |
| Form subdivision | Periodicals. |
| 9 (RLIN) | 43083 |
| 650 ## - SUBJECT ADDED ENTRY--TOPICAL TERM | |
| Topical term or geographic name as entry element | Business enterprises |
| Geographic subdivision | India |
| Form subdivision | Periodicals. |
| 9 (RLIN) | 43084 |
| 650 ## - SUBJECT ADDED ENTRY--TOPICAL TERM | |
| Topical term or geographic name as entry element | Management |
| Geographic subdivision | India |
| Form subdivision | Periodicals. |
| 9 (RLIN) | 43085 |
| 650 ## - SUBJECT ADDED ENTRY--TOPICAL TERM | |
| Topical term or geographic name as entry element | Entrepreneurship |
| Geographic subdivision | India |
| Form subdivision | Periodicals. |
| 9 (RLIN) | 43086 |
| 776 ## - ADDITIONAL PHYSICAL FORM ENTRY | |
| Title | Journal of entrepreneurship |
| International Standard Serial Number | 0971-3557 |
| Record control number | (DLC) 92911275 |
| -- | (OCoLC)27964884 |
| 856 ## - ELECTRONIC LOCATION AND ACCESS | |
| Uniform Resource Identifier | <a href="http://joe.sagpub.com">http://joe.sagpub.com</a> |
| 906 ## - LOCAL DATA ELEMENT F, LDF (RLIN) | |
| a | 7 |
| b | ibc |
| c | serials |
| d | u |
| e | ncip |
| f | 20 |
| g | n-oclcserc |
| 942 ## - ADDED ENTRY ELEMENTS (KOHA) | |
| Source of classification or shelving scheme | Dewey Decimal Classification |
| Item type | Periodicals |
| Classification part | 338.04 |
| Call number suffix | JOU |
| Serial record | 1 |
| Withdrawn status | Lost status | Source of classification or shelving scheme | Damaged status | Not for loan | Collection code | Home library | Current library | Date acquired | Total Checkouts | Full call number | Date last seen | Price effective from | Koha item type |
|---|---|---|---|---|---|---|---|---|---|---|---|---|---|
| Dewey Decimal Classification | Not For Loan | Non-fiction | D.B.Act.Division | D.B.Act.Division | 20/06/2009 | 338.04 JOU | 20/06/2009 | 20/06/2009 | Periodicals |
